000 00598nam a2200193Ia 4500
005 20250508164930.0
008 008 250505s9999 xx 000 0 hin d
037 _aDissertations
040 _aFEDL
_beng
_cFEDL
041 _ahin
_2eng
084 _a491.430 7, KID/DI
_qFEDL
100 _aKidiya Sarla
_9775471
245 0 _aKendriya vidyalaya me ahindi bhashi chattro ki hindi bhasha sambandhi trutiyo ka addhyan
260 _c1994
300 _a80p.
546 _aM. Ed. Dissertation (Delhi University)
942 _cDIS
_h491.430 7, KID/DI
999 _c1392108
_d1392108